=LDR 00000nam 2200000 4500 =001 NUTBA000000000000043 =005 20140314112507.0 =006 =007 =008 =020 ##$$a 978-979-9898-76-0 =035 ##$$a 0010-031400000000042 =082 ##$$a 364.13 =090 ##$$a 364.13 Gra d =100 ##$$a Gray, Jerry D =245 ##$$a Deadly Mist $b Upaya Amerika Merusak Kesehatan Manusia =260 ##$$a Jakarta $b Sinergi $c 2009 =300 ##$$a xviii, 220 hlm $b ilus $c 23 cm =990 ##$$a 0193/PN/2014